书目信息 |
| 题名: |
二十年目睹之世界杯
|
|
| 作者: | 汪大昭 著 | |
| 分册: | ||
| 出版信息: | 北京 中国盲文出版社 2002 |
|
| 页数: | 357页 | |
| 开本: | 20cm | |
| 丛书名: | ||
| 单 册: | ||
| 中图分类: | G843.732 | |
| 科图分类: | ||
| 主题词: | 足球运动--杯赛--世界--史料 , 足球运动 , 杯赛 | |
| 电子资源: | ||
| ISBN: | 7-5002-1644-0 | |
| 000 | 00917nam0 2200265 450 | |
| 001 | 1238374936 | |
| 005 | 20121016104005.53 | |
| 010 | @a7-5002-1644-0@dCNY29.80 | |
| 100 | @a20020604d2002 em y0chiy0110 ea | |
| 101 | 0 | @achi |
| 102 | @aCN@b110000 | |
| 105 | @aa z 000yy | |
| 200 | 1 | @a二十年目睹之世界杯@Aer shi nian mu du zhi shi jie bei@f汪大昭著 |
| 210 | @a北京@c中国盲文出版社@d2002 | |
| 215 | @a357页@c照片@d20cm@e光盘1片 | |
| 307 | @a附光盘:ISBN 7-89998-723-7 | |
| 314 | @a汪大昭,人民日报体育部主任记者,中国体育记者协会理事,著有《二十年目睹之世界杯》等。 | |
| 330 | @a本书收集了历届世界杯详细资料30万字,其中侧重分析中国足球20年冲击世界杯的坎坷历程,配有光盘一张,及数百幅图片。 | |
| 606 | 0 | @a足球运动@x杯赛@y世界@j史料 |
| 606 | 0 | @a足球运动 |
| 606 | 0 | @a杯赛 |
| 690 | @aG843.732@v4 | |
| 701 | 0 | @a汪大昭@Awang da zhao@4著 |
| 801 | 0 | @aCN@bNLC@c20101222 |
| 905 | @a10447@dG843.732@eJY302 | |
| 二十年目睹之世界杯/汪大昭著.-北京:中国盲文出版社,2002 |
| 357页:照片;20cm+光盘1片 |
| ISBN 7-5002-1644-0:CNY29.80 |
| 本书收集了历届世界杯详细资料30万字,其中侧重分析中国足球20年冲击世界杯的坎坷历程,配有光盘一张,及数百幅图片。 |
| ● |
| 相关链接 |
|
|
|
|
正题名:二十年目睹之世界杯
索取号:G843.732/JY302
 
预约/预借
| 序号 | 登录号 | 条形码 | 馆藏地/架位号 | 状态 | 备注 |
| 1 | 7828727 | 278287275 | 学院路分馆/ [索取号:G843.732/JY302] | 在馆 | |
| 2 | 7828728 | 278287284 | 学院路分馆/ [索取号:G843.732/JY302] | 在馆 |